Statistics for Pokemon - Legendaries

Click here to take the quiz!

General Stats

  • This quiz has been taken 813 times
  • The average score is 24 of 41

Answer Stats

Answer % Correct
Mew
93%
Mewtwo
93%
Zapdos
92%
Moltres
91%
Articuno
90%
Entei
83%
Lugia
81%
Ho-Oh
80%
Groudon
75%
Rayquaza
74%
Palkia
74%
Raikou
74%
Dialga
73%
Kyogre
72%
Celebi
70%
Regirock
64%
Zekrom
64%
regice
64%
Registeel
64%
Giratina
62%
Reshiram
60%
Deoxys
59%
Latios
56%
Latias
56%
Jirachi
56%
Darkrai
52%
Regigigas
52%
Uxie
48%
Azelf
47%
Mesprit
45%
Kyurem
43%
Cresselia
38%
Virizion
33%
Cobalion
33%
Terrakion
33%
Landorus
30%
Tornadus
30%
Keldeo
30%
Thundurus
29%
Suicine
25%
Heatron
15%

Score Distribution

Percentile by Number Answered

Percent of People with Each Score

Your Score History

You have not taken this quiz